000 01749cam a2200373 a 4500
001 vtls003252374
003 MY-SjTCS
005 20200226115917.0
008 130603m20102009enka 000 0 eng d
020 _a9780199138982 (pbk. : student's book)
020 _a9780199138999 (pbk. : grammar workbook)
020 _a9780199139019 (pbk. : exam skills workbook : foundation with CD)
020 _a9780199139002 (pbk. : exam skills workbook : higher with CD)
020 _a9780199139057 (Audio CD)
020 _a9780199139033 (Resources & planning OxBox CD-ROM)
020 _a9780199139040 (Assessment OxBox CD-ROM)
039 9 _a201801021040
_bVLOAD
_c201309101421
_dpushpa
_c201309101417
_dpushpa
_y201306031532
_zmalathy
041 0 _aeng
_afre
082 0 4 _a448.3421
_bAQA 2010
245 0 0 _aAQA GCSE French /
_cDanièle Bourdais ... [et al.]
246 3 _aGCSE French : AQA
260 _aOxford :
_bOxford University Press,
_c2009-2010.
300 _a4 v. :
_bill. ;
_c25-28 cm. +
_e3 CD-ROMs (4 3/4 in.)
500 _aGrammar workbook published in 2009
505 0 _aStudents' book / Danièle Bourdais ... [et al.] -- Exam skills workbook foundation / Danièle Bourdais, Sue Finnie -- Exam skills workbook higher / Danièle Bourdais, Sue Finnie -- Grammar workbook / Marian Jones, Gill Maynard -- Demo CD-ROM.
546 _aText in English and French.
650 0 _aFrench language
_vTextbooks for foreign speakers
_xEnglish.
_915757
650 0 _aFrench language
_vProblems, exercises, etc.
_918718
700 1 _aBourdais, Danièle
_929890
700 1 _aFinnie, Sue.
_968906
700 1 _aJones, Marian,
_d1957-
_969580
700 1 _aMaynard, Gill.
_969581
920 _aIBD : 199232, 203613, 203615, 203616, 203617, 203619, 203620
999 _c155936